|
|
|
|
| LEADER |
00000nab a2200000 a 4500 |
| 001 |
vtls010706466 |
| 003 |
SK-MaSNL |
| 005 |
20260304185511.0 |
| 008 |
250709s2012 xo |||||||||||||||||slo| |
| 035 |
|
|
|a (urnnbn)urn:nbn:sk:snk:ar-a0417q
|
| 035 |
|
|
|a (uuid)a69d73ad-56fb-4ff6-a744-7131a20d50ed
|
| 035 |
|
|
|a urn:nbn:sk:snk-ab3as0
|
| 040 |
|
|
|a SNKBUCL
|b slo
|c SNKBUCL
|e AACR2
|
| 041 |
0 |
|
|a slo
|
| 044 |
|
|
|a xo
|c SK
|
| 100 |
1 |
|
|a Dávidek, Lucia
|4 aut
|9 161922
|
| 245 |
1 |
0 |
|a Právna úprava reklamy liekov
|c Lucia Dávidek
|
| 773 |
0 |
|
|t Lekárnické listy : odborno-informačný časopis Slovenskej lekárnickej komory
|g Roč. 14, č. 10 (2012), s. 8-9
|
| 850 |
|
|
|a Slovenská národná knižnica
|
| 852 |
|
|
|a Slovenská národná knižnica
|
| 954 |
|
|
|a odborná, vedecká literatúra pôvodná (slovenská)
|2 lita
|
| 958 |
|
|
|a article1
|
| 958 |
|
|
|a OND
|
| 958 |
|
|
|a EUIPO
|
| 999 |
|
|
|c 3043850
|d 3045780
|